00341nam a22001097a 450000500170000002000180001708200170003510000180005224500900007026000530016030000180021320250912150952.0 a9789362132789 a956.94 JOH/O aJohny, Stanly10aOriginal sin :cIsrael , Palestine and the revenge of old West Asia/bby Stanly Johny a. - Haryanab: Harper Collins Publishersc, 2024 axix+227 pages